[Event "LSS No Engine Cup 229 Preliminary 0"]
[Site "LSS email"]
[Date "2022.08.25"]
[Round "?"]
[White "Krishnamurthy, Prabhanandan"]
[Black "Heiser, Jerome"]
[Result "1-0"]
[WhiteElo "1605"]
[BlackElo "739"]
[PlyCount "87"]
[EventDate "2022.08.25"]
[EventType "tourn (corr)"]
[EventRounds "6"]
[EventCountry "GER"]
[SourceTitle "Corr 2024"]
[Source "ChessBase"]
[SourceDate "2023.10.19"]
[SourceVersion "1"]
[SourceVersionDate "2023.10.19"]
[SourceQuality "1"]

1. e4 e5 2. Nf3 Nc6 3. Nc3 Nf6 4. Bb5 d6 5. d4 Bd7 6. 0-0 h6 7. Bxc6 Bxc6 8. Qd3 a6 9. dxe5 dxe5 10. Nxe5 Qxd3 11. cxd3 Bb5 12. Nxb5 axb5 13. Be3 Bd6 14. Nf3 0-0 15. a3 b6 16. e5 Ng4 17. exd6 c5 18. h3 Nxe3 19. fxe3 Rad8 20. d4 Rxd6 21. Rad1 Rfd8 22. Rd2 f6 23. Rfd1 c4 24. d5 b4 25. axb4 Rc8 26. Rc2 g5 27. b3 b5 28. bxc4 bxc4 29. Rd4 Kf7 30. e4 c3 31. g4 Kg6 32. Kf2 h5 33. Ke3 Ra6 34. Kd3 Ra3 35. Rc4 Rxc4 36. Kxc4 hxg4 37. hxg4 Ra7 38. Rxc3 Kf7 39. b5 Ra4+ 40. Kc5 Rxe4 41. b6 Re8 42. b7 Rd8 43. Rb3 Rb8 44. Kc6 1-0

[Event "LSS No Engine Cup 219 Preliminary 0"]
[Site "LSS email"]
[Date "2021.07.10"]
[Round "?"]
[White "Shim Ng Min, Francis"]
[Black "Krishnamurthy, Prabhanandan"]
[Result "1-0"]
[WhiteElo "1443"]
[BlackElo "1658"]
[PlyCount "63"]
[EventDate "2021.07.10"]
[EventType "tourn (corr)"]
[EventRounds "6"]
[EventCountry "GER"]
[SourceTitle "Corr 2024"]
[Source "ChessBase"]
[SourceDate "2023.10.19"]
[SourceVersion "1"]
[SourceVersionDate "2023.10.19"]
[SourceQuality "1"]

1. e4 e5 2. Nf3 Nc6 3. d4 exd4 4. Bc4 Nf6 5. 0-0 Nxe4 6. Re1 d5 7. Bxd5 Qxd5 8. Nc3 Qa5 9. Nxe4 Be6 10. Bg5 h6 11. Bh4 Bb4 12. Re2 g5 13. Bg3 0-0-0 14. Ned2 Bd6 15. Bxd6 Rxd6 16. Ne4 Rdd8 17. Qd2 Qxd2 18. Rxd2 Bf5 19. Ng3 Bg6 20. Rad1 Rhe8 21. h3 a6 22. Nxd4 Nxd4 23. Rxd4 Rxd4 24. Rxd4 Bxc2 25. Rd2 Re1+ 26. Kh2 Bg6 27. a3 Re7 28. f3 c5 29. Rd5 Rc7 30. Nf5 Bxf5 31. Rxf5 b5 32. Kg3 1-0

[Event "LSS No Engine Cup 213 Preliminary 0"]
[Site "LSS email"]
[Date "2021.01.28"]
[Round "?"]
[White "Vio, Mauro"]
[Black "Krishnamurthy, Prabhanandan"]
[Result "1-0"]
[WhiteElo "1839"]
[BlackElo "1662"]
[PlyCount "43"]
[EventDate "2021.01.28"]
[EventType "tourn (corr)"]
[EventRounds "6"]
[EventCountry "GER"]
[SourceTitle "Corr 2024"]
[Source "ChessBase"]
[SourceDate "2023.10.19"]
[SourceVersion "1"]
[SourceVersionDate "2023.10.19"]
[SourceQuality "1"]

1. d4 Nf6 2. c4 g6 3. Nc3 Bg7 4. e4 d6 5. h3 0-0 6. Nf3 e5 7. d5 a5 8. Bd3 Na6 9. 0-0 Nc5 10. Bc2 Nh5 11. a3 f5 12. Bg5 Nf6 13. b4 axb4 14. axb4 Rxa1 15. Qxa1 Ncxe4 16. Bxe4 fxe4 17. Nxe4 Qe8 18. Bxf6 Bxf6 19. Qa7 Qd7 20. Ra1 b6 21. Qb8 Ba6 22. Nxf6+ 1-0

[Event "RA-2020-0-00668"]
[Site "LSS email"]
[Date "2020.08.19"]
[Round "?"]
[White "Krishnamurthy, Prabhanandan"]
[Black "Farnik, Kym"]
[Result "0-1"]
[WhiteElo "2091"]
[BlackElo "2013"]
[PlyCount "54"]
[EventDate "2020.07.04"]
[EventType "tourn (corr)"]
[EventRounds "6"]
[EventCountry "GER"]
[SourceTitle "Corr 2022"]
[Source "ChessBase"]
[SourceDate "2021.10.24"]
[SourceVersion "1"]
[SourceVersionDate "2021.10.24"]
[SourceQuality "1"]

1. e4 c5 2. Nf3 Nc6 3. d4 cxd4 4. Nxd4 Nf6 5. Nc3 e5 6. Ndb5 d6 7. Bg5 a6 8. Na3 b5 9. Nd5 Be7 10. Bxf6 Bxf6 11. c3 Bg5 12. Nc2 Rb8 13. a4 bxa4 14. Ncb4 Nxb4 15. Nxb4 Bd7 16. Bxa6 Qa5 17. Qxd6 Rb6 18. Qd3 Be7 19. Nd5 Rxb2 20. 0-0 Qc5 21. c4 0-0 22. Bb5 Bxb5 23. cxb5 Rb3 24. Qd1 Bg5 25. b6 Qc4 26. Qg4 h6 27. h4 f5 0-1

[Event "RA-2020-0-00668"]
[Site "LSS email"]
[Date "2020.08.19"]
[Round "?"]
[White "Pilgram, Kurt"]
[Black "Krishnamurthy, Prabhanandan"]
[Result "1/2-1/2"]
[WhiteElo "2136"]
[BlackElo "2091"]
[PlyCount "46"]
[EventDate "2020.07.04"]
[EventType "tourn (corr)"]
[EventRounds "6"]
[EventCountry "GER"]
[SourceTitle "Corr 2022"]
[Source "ChessBase"]
[SourceDate "2021.10.24"]
[SourceVersion "1"]
[SourceVersionDate "2021.10.24"]
[SourceQuality "1"]

1. d4 d5 2. c4 e6 3. Nc3 Nf6 4. Nf3 c6 5. Bg5 h6 6. Bxf6 Qxf6 7. e3 Nd7 8. Rc1 g6 9. Bd3 dxc4 10. Bxc4 Bg7 11. 0-0 0-0 12. e4 e5 13. d5 Nb6 14. Bb3 Bg4 15. h3 Bxf3 16. Qxf3 Qxf3 17. gxf3 Rfc8 18. dxc6 bxc6 19. Na4 Bf8 20. Rfd1 Rc7 21. Rc2 c5 22. Rd3 Kg7 23. Kg2 Be7 1/2-1/2

[Event "RA-2020-0-00668"]
[Site "LSS email"]
[Date "2020.08.19"]
[Round "?"]
[White "Van Bommel, Ton"]
[Black "Krishnamurthy, Prabhanandan"]
[Result "1-0"]
[WhiteElo "2117"]
[BlackElo "2091"]
[PlyCount "65"]
[EventDate "2020.07.04"]
[EventType "tourn (corr)"]
[EventRounds "6"]
[EventCountry "GER"]
[SourceTitle "Corr 2022"]
[Source "ChessBase"]
[SourceDate "2021.10.24"]
[SourceVersion "1"]
[SourceVersionDate "2021.10.24"]
[SourceQuality "1"]

1. e4 e6 2. d4 d5 3. Nc3 Nf6 4. Bg5 Be7 5. e5 Nfd7 6. Bxe7 Qxe7 7. f4 0-0 8. Nf3 c5 9. Qd2 Nc6 10. dxc5 Nxc5 11. Qe3 a6 12. a3 Rd8 13. Ne2 Bd7 14. Ned4 Nxd4 15. Nxd4 Rdc8 16. Be2 Na4 17. Rb1 b5 18. 0-0 Nb6 19. Bd3 Nc4 20. Qf2 b4 21. axb4 Qxb4 22. Qh4 g6 23. c3 Qf8 24. Rf3 Qg7 25. Qf2 Rab8 26. h4 h5 27. b3 Na3 28. Ra1 Nb5 29. Bxb5 Bxb5 30. f5 Bd7 31. fxg6 fxg6 32. Qg3 Rf8 33. Rf6 1-0

[Event "LSS No Engine Cup 99 Final"]
[Site "LSS email"]
[Date "2014.07.20"]
[Round "?"]
[White "Krishnamurthy, Prabhanandan"]
[Black "Kolanek, Roman"]
[Result "0-1"]
[WhiteElo "1667"]
[BlackElo "1934"]
[PlyCount "56"]
[EventDate "2014.07.21"]
[EventType "tourn (corr)"]
[EventRounds "6"]
[EventCountry "GER"]
[SourceTitle "Corr 2015"]
[Source "ChessBase"]
[SourceDate "2015.07.17"]
[SourceVersion "1"]
[SourceVersionDate "2015.07.17"]
[SourceQuality "1"]

1. d4 Nf6 2. c4 e6 3. Nc3 Bb4 4. Qc2 c5 5. dxc5 Bxc5 6. Nf3 Nc6 7. Bg5 h6 8. Bh4 Qa5 9. Bxf6 gxf6 10. a3 Bb4 11. Rc1 Bxc3+ 12. Qxc3 Qxc3+ 13. Rxc3 Ke7 14. e3 b6 15. g3 Bb7 16. Bg2 Ne5 17. Nxe5 Bxg2 18. Rg1 Be4 19. Nd3 Bf3 20. Kd2 d6 21. b4 Rhc8 22. Rgc1 Rc7 23. Ne1 Bb7 24. f3 f5 25. c5 dxc5 26. bxc5 Rd8+ 27. Ke2 Ba6+ 28. Nd3 Rxc5 0-1

[Event "LSS No Engine Cup 99 Final"]
[Site "LSS email"]
[Date "2014.07.20"]
[Round "?"]
[White "Pech, Jaroslav Jr"]
[Black "Krishnamurthy, Prabhanandan"]
[Result "1-0"]
[WhiteElo "1699"]
[BlackElo "1667"]
[PlyCount "51"]
[EventDate "2014.07.21"]
[EventType "tourn (corr)"]
[EventRounds "6"]
[EventCountry "GER"]
[SourceTitle "Corr 2015"]
[Source "ChessBase"]
[SourceDate "2015.07.17"]
[SourceVersion "1"]
[SourceVersionDate "2015.07.17"]
[SourceQuality "1"]

1. e4 e6 2. d4 d5 3. Nd2 Nf6 4. e5 Nfd7 5. Bd3 c5 6. c3 Nc6 7. Ne2 cxd4 8. cxd4 f6 9. Nf4 Nxd4 10. Qh5+ Ke7 11. exf6+ Nxf6 12. Ng6+ hxg6 13. Qxh8 Kf7 14. 0-0 e5 15. Nb3 Nxb3 16. axb3 Bf5 17. Bxf5 gxf5 18. Bg5 Bc5 19. Qh3 Qd7 20. Bxf6 Kxf6 21. Rfe1 Bd4 22. Rad1 Rc8 23. Rd2 Qd6 24. g4 f4 25. g5+ Kf7 26. Qxc8 1-0

[Event "ZI-2013-0-01639"]
[Site "LSS email"]
[Date "2013.07.05"]
[Round "?"]
[White "Krishnamurthy, Prabhanandan"]
[Black "Moreira, Jose Americo Paiva"]
[Result "1/2-1/2"]
[WhiteElo "1695"]
[BlackElo "1921"]
[PlyCount "75"]
[EventDate "2013.07.02"]
[EventType "match (corr)"]
[EventRounds "2"]
[EventCountry "GER"]
[SourceTitle "Telechess CBM 163"]
[Source "ChessBase"]
[SourceDate "2014.11.11"]
[SourceVersion "2"]
[SourceVersionDate "2014.11.11"]
[SourceQuality "1"]

1. d4 Nf6 2. c4 g6 3. Nc3 d5 4. cxd5 Nxd5 5. e4 Nxc3 6. bxc3 Bg7 7. Bg5 0-0 8. Rc1 c5 9. Nf3 Bg4 10. d5 Qd6 11. Be2 Nd7 12. 0-0 f5 13. Nh4 Bxe2 14. Qxe2 fxe4 15. Qxe4 Nf6 16. Bxf6 Rxf6 17. g3 b5 18. c4 Rb8 19. Ng2 Rf7 20. Rb1 bxc4 21. Rxb8+ Qxb8 22. Qxc4 Qb4 23. Qc2 Qc3 24. Qe2 Qf3 25. Qe6 Qf5 26. Ne3 Qxe6 27. dxe6 Rf6 28. Rc1 Rxe6 29. Rxc5 Ra6 30. Rc2 Ra5 31. h4 Bd4 32. Ng4 Ra3 33. Kg2 Kf7 34. Nh2 Bg7 35. Nf3 h6 36. Nd2 Bd4 37. Nf3 Bf6 38. Nd2 1/2-1/2

[Event "ZI-2013-0-01639"]
[Site "LSS email"]
[Date "2013.07.05"]
[Round "?"]
[White "Moreira, Jose Americo Paiva"]
[Black "Krishnamurthy, Prabhanandan"]
[Result "1-0"]
[WhiteElo "1921"]
[BlackElo "1695"]
[PlyCount "73"]
[EventDate "2013.07.02"]
[EventType "match (corr)"]
[EventRounds "2"]
[EventCountry "GER"]
[SourceTitle "Telechess CBM 163"]
[Source "ChessBase"]
[SourceDate "2014.11.11"]
[SourceVersion "2"]
[SourceVersionDate "2014.11.11"]
[SourceQuality "1"]

1. e4 e6 2. d4 d5 3. Nc3 Nf6 4. e5 Nfd7 5. f4 c5 6. Nf3 Nc6 7. Be3 Be7 8. dxc5 Bxc5 9. Qd2 0-0 10. 0-0-0 Qa5 11. Bxc5 Nxc5 12. Kb1 Bd7 13. Be2 Rab8 14. Qe3 Rfc8 15. g4 Ne7 16. Qd2 Qc7 17. Nd4 a6 18. Rhf1 b5 19. Bd3 b4 20. Nce2 a5 21. Qe3 a4 22. h4 Rb6 23. h5 a3 24. b3 Nc6 25. Nxc6 Rxc6 26. Nd4 Rb6 27. h6 g6 28. f5 Be8 29. fxg6 fxg6 30. Rf2 Nxd3 31. cxd3 Bb5 32. Rc2 Qd8 33. Rdc1 Rxc2 34. Kxc2 Rb8 35. Kd2 Bd7 36. Rf1 Qe7 37. Qf4 1-0

[Event "SA-2012-0-00325"]
[Site "LSS email"]
[Date "2013.02.15"]
[Round "?"]
[White "Krishnamurthy, Prabhanandan"]
[Black "Krueger, Hilmar"]
[Result "1/2-1/2"]
[WhiteElo "2087"]
[BlackElo "2265"]
[PlyCount "46"]
[EventDate "2012.12.19"]
[EventType "tourn (corr)"]
[EventRounds "6"]
[EventCountry "GER"]
[SourceTitle "Corr 2022"]
[Source "ChessBase"]
[SourceDate "2021.10.24"]
[SourceVersion "1"]
[SourceVersionDate "2021.10.24"]
[SourceQuality "1"]

1. d4 Nf6 2. c4 e6 3. Nc3 Bb4 4. e3 0-0 5. Bd3 d5 6. Nf3 b6 7. a3 Bxc3+ 8. bxc3 Ba6 9. cxd5 exd5 10. Bxa6 Nxa6 11. Qd3 Qc8 12. c4 dxc4 13. Qxc4 c5 14. 0-0 cxd4 15. Qxc8 Raxc8 16. Nxd4 Rfd8 17. Nb5 Rd7 18. Bb2 Nd5 19. Rfd1 Rcd8 20. Bd4 Nc5 21. Nxa7 Rxa7 22. e4 Rad7 23. Bxc5 bxc5 1/2-1/2

[Event "SA-2012-0-00325"]
[Site "LSS email"]
[Date "2013.02.15"]
[Round "?"]
[White "Krishnamurthy, Prabhanandan"]
[Black "Von der Heydt, Hans Joachim"]
[Result "1-0"]
[WhiteElo "2087"]
[BlackElo "2081"]
[PlyCount "73"]
[EventDate "2012.12.19"]
[EventType "tourn (corr)"]
[EventRounds "6"]
[EventCountry "GER"]
[SourceTitle "Corr 2022"]
[Source "ChessBase"]
[SourceDate "2021.10.24"]
[SourceVersion "1"]
[SourceVersionDate "2021.10.24"]
[SourceQuality "1"]

1. d4 Nf6 2. c4 g6 3. Nc3 Bg7 4. e4 d6 5. h3 0-0 6. Bg5 c5 7. d5 e6 8. Bd3 exd5 9. exd5 Nbd7 10. Nf3 Re8+ 11. Be3 Nh5 12. 0-0 Ne5 13. Nxe5 Bxe5 14. Qd2 a6 15. Rfe1 Bd7 16. g4 Qh4 17. Bf1 b6 18. Bg5 Qxg5 19. Qxg5 h6 20. Qd2 Bf4 21. Qc2 Nf6 22. Qb3 Reb8 23. Ne4 Nh7 24. Rad1 a5 25. Qf3 Be5 26. Nc3 Kg7 27. Rxe5 dxe5 28. d6 Rd8 29. Qe3 Nf6 30. Bg2 Rac8 31. Qxe5 Re8 32. Qf4 Re6 33. Bd5 Ree8 34. Ne4 Rxe4 35. Bxe4 Ba4 36. b3 Rb8 37. d7 1-0

[Event "SA-2012-0-00325"]
[Site "LSS email"]
[Date "2013.02.15"]
[Round "?"]
[White "Schenning, Albert"]
[Black "Krishnamurthy, Prabhanandan"]
[Result "1/2-1/2"]
[WhiteElo "2196"]
[BlackElo "2087"]
[PlyCount "73"]
[EventDate "2012.12.19"]
[EventType "tourn (corr)"]
[EventRounds "6"]
[EventCountry "GER"]
[SourceTitle "Corr 2022"]
[Source "ChessBase"]
[SourceDate "2021.10.24"]
[SourceVersion "1"]
[SourceVersionDate "2021.10.24"]
[SourceQuality "1"]

1. e4 e6 2. d4 d5 3. Nc3 Nf6 4. Bg5 Bb4 5. e5 h6 6. Bd2 Bxc3 7. bxc3 Ne4 8. Qg4 g6 9. Qf4 c5 10. Bd3 Nxd2 11. Qxd2 Nc6 12. Nf3 c4 13. Be2 Bd7 14. 0-0 Ne7 15. Rfb1 b5 16. a3 Bc6 17. g3 Nc8 18. h4 Kf8 19. Kg2 Kg7 20. h5 Nb6 21. Nh2 Nd7 22. Rh1 Qe7 23. Ng4 Raf8 24. f4 a6 25. Rh3 f5 26. exf6+ Nxf6 27. Ne5 Be8 28. hxg6 Bxg6 29. Nxg6 Kxg6 30. a4 bxa4 31. Rxa4 Qd6 32. Bf3 Rb8 33. Rh1 Kf7 34. Qe2 Rb6 35. Qe5 Qxe5 36. fxe5 Ne8 37. Bh5+ 1/2-1/2